Forestry resources and the national interest: a discussion paper, [issued] March 1976 (Record no. 88204)

MARC details
000 -LEADER
fixed length control field 00585cam a2200205 4500
001 - CONTROL NUMBER
control field D15404
008 - FIXED-LENGTH DATA ELEMENTS--GENERAL INFORMATION
fixed length control field 090401t1976 xxu||||| |||| 00| 0 eng d
035 ## - SYSTEM CONTROL NUMBER
System control number (Sirsi) u22543
041 ## - LANGUAGE CODE
Language code of text/sound track or separate title eng
050 ## - LIBRARY OF CONGRESS CALL NUMBER
Classification number 634.9
110 ## - MAIN ENTRY--CORPORATE NAME
Corporate name or jurisdiction name as entry element Royal Institution of Chartered Surveyors
9 (RLIN) 4900
245 ## - TITLE STATEMENT
Title Forestry resources and the national interest: a discussion paper, [issued] March 1976
260 ## - PUBLICATION, DISTRIBUTION, ETC.
Name of publisher, distributor, etc. RICS
Date of publication, distribution, etc. 1976
300 ## - PHYSICAL DESCRIPTION
Extent ii. 17p
350 ## - PRICE (NR) (BK AM CF MU VM SE) [OBSOLETE]
Price 0
520 ## - SUMMARY, ETC.
Summary, etc. Filed in Archives box 1976/14 A
710 ## - ADDED ENTRY--CORPORATE NAME
Corporate name or jurisdiction name as entry element Land Agency and Agriculture Division
9 (RLIN) 773
942 ## - ADDED ENTRY ELEMENTS (KOHA)
Suppress in OPAC 0
948 ## - LOCAL PROCESSING INFORMATION (OCLC); SERIES PART DESIGNATOR (RLIN)
c (OCLC) 04/03/1997
Holdings
Withdrawn status Lost status Source of classification or shelving scheme Damaged status Not for loan Home library Current library Shelving location Date acquired Total Checkouts Full call number Barcode Date last seen Copy number Price effective from Koha item type
    Other/Generic Classification Scheme     London London RICS Boxes 14/09/1999   RICS 1976/14 30010829 06/08/2019 1 06/08/2019 Reference material